1432 1173 1432 1914 1420 1347 1000 1043 1476 1859 1620 1023 1772 1342 1525 1766 1325 1551 1670 1930 1063 1880 1163 1712 1231 1808 1470 1985 1024 1652 1617 1506 1357 1699 1522 1115 1905 1650 1918 1708 1933 2000 1346 1645 1310 1920 1715 1869 1484 1098 1195 1592 1208 1169 1603 1274 1392 1938 1258 1108 1880 1495 1454 1667 1931 1944 1979 1227 1777 1312 1274 1915 1861 1404 1435 1686 1540 1911 1544 1931 1342 1602 1409 1507 1225 1565 1406 1166 1332 1384 1082 1083 1250 1617 1570 1269 1421 1232 1700 BCNSPRNW ULIB Ver.6.0+V

เปลี่ยนเป็นภาษาไทย

Change to English
 แสดงรายละเอียดบรรณานุกรม
  กลับหน้าหลัก

Brief Record : Get Marc (ISO 2709) : E-mail record : QR code < ปิดหน้าต่าง
LEADER : 00000nam 2200000uu 4500
001    13399122697
003     ULIB
008    130718s2555||||th 000 0 tha d
020    9786162590191
050 04 ^aBQ5578^bพ996ส
100 1  ^aพระไพศาล วิสาโล
245 10 ^aสวดก่อนตายดีกว่านอนตายฟังสวด /^cพระไพศาล วิสาโล
260    ^aกรุงเทพฯ :^bบ้านสยาม,^c2555
300    ^a60 หน้า
650  7 ^aสวดมนต์
650  7 ^aหนังสือสวดมนต์
945    ^p59^l0^i20139
949    ^aทศพร
999    ^aทศพร เกษรทอง
รายการนี้ยังไม่มีแท็ก
คุณยังไม่ได้ล็อกอิน คุณสามารถมีกิจกรรมร่วมกับเว็บไซต์ได้ แต่ต้องล็อกอินก่อน ::
  ล็อกอิน

รายการสื่อสารสนเทศ

ลำดับที่ ประเภท เลขเรียก/บาร์โค้ด สถานที่ สถานะ
1. การศึกษาทั่วไป
การศึกษาทั่วไป
BQ5578 พ996ส ฉ.1 
  Barcode: 20139
ห้องสมุดวิทยาเขตนครสวรรค์
►หนังสือทั่วไป:l:General Books
บนชั้น

รายการใกล้เคียง
    ผู้แต่ง [พระไพศาล วิสาโล]

    หัวเรื่อง [สวดมนต์]
    หัวเรื่อง [หนังสือสวดมนต์]

BibComment


ยังไม่เคยถูกคอมเมนท์

คอมเมนท์ทรัพยากรรายการนี้
  คอมเมนท์: สวดก่อนตายดีกว่า..


 Copyright 2026. Bcnsprnw @Library